01893cam a22002534a 45000010009000000050017000090080041000260100017000670200028000840420008001120500025001201000018001452400045001632450098002082500012003062600059003183000034003775040051004115051065004626500013015277000018015407000020015587000061015781284241320231108100642.0020703s2003 paua b 001 0 eng  a 2002073172 a0781735238 (alk. paper) apcc00aRT41.L53 (5e)b 20031 aHood, Lucy J.10aConceptual bases of professional nursing10aLeddy & Pepper's conceptual bases of professional nursing /cLucy Jane Hood, Susan Kun Leddy. a5th ed. aPhiladelphia :bLippincott Williams & Wilkins,cc2003. axvi, 591 p. :bill. ;c24 cm. aIncludes bibliographical references and index. aContent: The dynamic of professional development -- The professional nurse -- Contextual and philosophic elements of professional nursing -- The health care delivery system -- Socialization into professional practice -- The professional self-concept: development and care -- Career development -- The knowledge of professional practice: Patterns of knowing and nursing science -- Nursing models and theories -- Developing and using nursing knowledge through research -- Professional nurse processes -- The health process and self-care of the nurse -- Environmental health -- Informatics and technology in nursing practice -- The professional nurse nurse's role in public policy -- Nursing approaches to client system -- Professional nurse accountability -- Community health nursing: concepts and career opportunities -- Diverse and international communities -- Professional communication to English helping and healing relationships -- The professional nurse's role in teaching and learning -- Professional nursing leadership -- Shaping the future of nursing. 0aNursing.1 aLeddy, Susan.1 aPepper, J. Mae.1 aLeddy, Susan.tConceptual bases of professional nursing.